000 00688nam a2200217Ia 4500
008 101110s9999 xx 000 0 und d
041 _aMARATHI
082 _bSR30253
_a891.4692
100 _aKamat Ashok Prabhakar
245 _aSikkh guru charitra:shodh ani bodh Khand-3 Guru Govind singh te Khalasaparva
260 _c2007
_bGurukul pratisthan,Pune
300 _a456
365 _b400
520 _aMarathi
546 _aMARATHI
630 _aSikkh guru charitra:shodh ani bodh Khand-3 Guru Govind singh te Khalasaparva
650 _aMarathi
655 _aMarathi
730 _aSikkh guru charitra:shodh ani bodh Khand-3 Guru Govind singh te Khalasaparva
942 _cBOOK
999 _c822761
_d822758